NLSUI OPAC header image

Fifty years of the international court of justice : Essays in honour of Robert Jennings (Record no. 27614)

MARC details
000 -LEADER
fixed length control field 00495nam a2200157Ia 4500
008 - FIXED-LENGTH DATA ELEMENTS--GENERAL INFORMATION
fixed length control field 160316s2008 xxu||||| |||| 00| 0 eng d
082 ## - DEWEY DECIMAL CLASSIFICATION NUMBER
Classification number 341.552000
Item number LOW
100 ## - MAIN ENTRY--PERSONAL NAME
Personal name Lowe Vaughan
245 ## - TITLE STATEMENT
Title Fifty years of the international court of justice : Essays in honour of Robert Jennings
250 ## - EDITION STATEMENT
Edition statement
260 ## - PUBLICATION, DISTRIBUTION, ETC.
Place of publication, distribution, etc. Cambridge
Name of publisher, distributor, etc. Cambridge University Press
Date of publication, distribution, etc. 2008
300 ## - PHYSICAL DESCRIPTION
Extent 640p
Other physical details
Dimensions xxix
365 ## - TRADE PRICE
Price amount Rs. 3,719
650 ## - SUBJECT ADDED ENTRY--TOPICAL TERM
Topical term or geographic name entry element 1. International Court of Justice
700 ## - ADDED ENTRY--PERSONAL NAME
Personal name Fitzmaurice MaLgosia
--
Holdings
Withdrawn status Lost status Damaged status Not for loan Home library Current library Shelving location Date acquired Cost, normal purchase price Total Checkouts Full call number Barcode Date last seen Price effective from Koha item type
        NLS NLS   30/05/2017 3719.00   341.552 LOW 25024 30/05/2017 30/05/2017 BOOKs